Malaysian Journal of Economic Studies

Detalles Bibliográficos
Formato: Seriadas
Lenguaje:inglés
Publicado: Detroit, MI : ProQuest LLC, 2004 -
Materias:
Acceso en línea:Acceso restringido

MARC

LEADER 00000nas a22000007a 4500
005 20110923112156.0
008 110923c20049999xxuzr|| s|||| 00| a1eng d
022 |a 1511-4554 
035 |a 3745 
040 |a vLex 
090 |c 2547  |d 2547 
245 0 0 |a Malaysian Journal of Economic Studies   |h [Recurso electrn̤ico] 
256 |a Servicio en ln̕ea. 
260 |a Detroit, MI :  |b ProQuest LLC,  |c 2004 - 
300 |a 1 recurso electrn̤ico 
310 |a Dos veces al aǫ 
362 |a Nm︢. 1 (2004) - 
506 1 |a Contenido solo disponible en los productos indicados  |d vLex Global  |d vLex Global (Academic Edition, excluding Law Schools)  |d vLex Global (U.S. Academic Edition, excluding Law Schools) 
650 0 4 |a Derecho financiero 
740 0 |a vLex Revistas (Servicio en ln̕ea) 
856 4 0 |u http://vlex.com/source/malaysian-journal-economic-studies-3745  |z Acceso restringido 
942 |c REV